000 00573cab a2200181 4500
001 ##L133784
008 060609n2006 000 0 eng u
035 _a(Sirsi) u133784
041 0 _aeng
245 0 0 _aSecondary trading becomes a primary issue for investors
260 _c2006
490 0 _aEuroProperty
_vJune 2006, 13(1)
520 _aArgues for a secondary market for trading in stakes in unlisted property funds.
590 _aIKA200606
651 4 _aEUROPE
690 _aPROPERTY-PROPERTY FINANCE AND INVESTMENT-PROPERTY INVESTMENT MANAGEMENT
942 _n0
999 _c77203
_d77203